|
|
|
|
| LEADER |
01054nam a2200277 a 4500 |
| 001 |
693763 |
| 008 |
090818s1996 nyua 001 0 eng d |
| 010 |
|
|
|a \\\96075138
|
| 020 |
|
|
|a 0070349169 (pbk.)
|
| 020 |
|
|
|a 0071143696
|
| 040 |
|
|
|a CLamB
|c CLamB
|d DLC
|
| 082 |
0 |
0 |
|a 428.2
|2 21
|
| 100 |
1 |
|
|a Kirn, Elaine.
|
| 245 |
1 |
0 |
|a Interactions one.
|p A communicative grammar /
|c Elaine Kirn, Darcy Jack.
|
| 246 |
3 |
|
|a Interactions 1
|
| 250 |
|
|
|a 3d ed.
|
| 260 |
|
|
|a New York :
|b McGraw-Hill Companies,
|c c1996.
|
| 300 |
|
|
|a xiii, 306 p. :
|b ill. ;
|c 24 cm.
|
| 504 |
|
|
|a Includes index.
|
| 541 |
1 |
|
|e 00011303
|
| 650 |
|
0 |
|a English language
|x Grammar
|v Problems, exercises, etc.
|
| 650 |
|
0 |
|a English language
|v Textbooks for foreign speakers.
|
| 700 |
1 |
|
|a Jack, Darcy,
|d 1953-
|
| 852 |
4 |
|
|a Ayesha Abed Library
|j General shelf
|
| 999 |
|
|
|c 3612
|d 3612
|
| 952 |
|
|
|0 0
|1 0
|2 ddc
|4 0
|6 428_200000000000000_KIR_1996
|7 0
|9 3277
|a BRACUL
|b BRACUL
|c GEN
|d 2009-09-02
|g 0.00
|l 5
|m 26
|o 428.2 KIR
|p 3010011303
|r 2023-01-30
|s 2022-11-02
|t 1
|w 2009-09-02
|y BK
|x No price found in the accession register.
|